[Event "6th EICC"]
[Site "Warsaw POL"]
[Date "2005.06.21"]
[Round "4"]
[White "Kachur,A"]
[Black "Krasiewicz,R"]
[Result "1/2-1/2"]
[WhiteElo "2281"]
[BlackElo "2056"]
[EventDate "2005.06.18"]

1. e4 e6 2. d4 d5 3. e5 c5 4. Nf3 Qb6 5. Bd3 Bd7 6. O-O cxd4 7. Bf4 Nc6 8.
Nbd2 a5 9. a4 Nb4 10. Nb3 Nxd3 11. Qxd3 Ne7 12. Nbxd4 Nc6 13. Be3 Nb4 14.
Qe2 Bc5 15. c3 Na6 16. Rfb1 Qd8 17. Qd2 Qe7 18. Nb5 O-O 19. Bxc5 Nxc5 20.
Nfd4 f6 21. Qe3 fxe5 22. Qxe5 Rxf2 23. Nc7 Raf8 24. Nxd5 Qh4 25. Nb6 Nd3
26. Qg3 Qxg3 27. hxg3 Bc6 28. Nxc6 bxc6 29. Nc4 Rc2 30. Rf1 Rb8 31. Rf3
Nxb2 32. Rb1 h6 33. Kh2 Rb3 34. Nxa5 Ra3 35. Nxc6 Nxa4 36. Nd4 Rcxc3 37.
Rb8+ Kh7 38. Rxc3 Rxc3 39. Nxe6 g5 40. Rb4 Nc5 41. Nxc5 Rxc5 1/2-1/2

[Event "6th EICC"]
[Site "Warsaw POL"]
[Date "2005.06.21"]
[Round "4"]
[White "Praszak,M"]
[Black "Krzymowski,A"]
[Result "1-0"]
[WhiteElo "2261"]
[BlackElo "2034"]
[EventDate "2005.06.18"]

1. d4 Nf6 2. c4 g6 3. Nc3 Bg7 4. e4 d6 5. h3 O-O 6. Bg5 c5 7. d5 Na6 8. Nf3
e6 9. Bd3 exd5 10. exd5 Re8+ 11. Kf1 Bd7 12. a3 h6 13. Be3 Nh5 14. Qd2 Kh7
15. g4 Nf6 16. Bf4 Qc7 17. Kg2 Rad8 18. Bg3 Kg8 19. Qf4 Qc8 20. Rhe1 h5 21.
Ne4 hxg4 22. Nxf6+ Bxf6 23. Qxf6 gxf3+ 24. Kh2 Bf5 25. Bf4 Kh7 26. Qxf7+
Kh8 27. Bg5 1-0

[Event "6th EICC"]
[Site "Warsaw POL"]
[Date "2005.06.21"]
[Round "4"]
[White "Szewczak,And"]
[Black "Bugajski,R"]
[Result "0-1"]
[WhiteElo "1995"]
[BlackElo "2218"]
[EventDate "2005.06.18"]

1. e4 c5 2. Nc3 Nc6 3. f4 e6 4. Nf3 d6 5. g3 Nf6 6. d3 Be7 7. Bg2 O-O 8.
O-O Rb8 9. Nh4 Nd4 10. Ne2 Ne8 11. c3 Nxe2+ 12. Qxe2 Bxh4 13. gxh4 Qxh4 14.
Rf3 Bd7 15. Rh3 Qe7 16. Bd2 g6 17. Kh1 Ng7 18. Rg1 Bc6 19. Rh6 f5 20. c4
Rbe8 21. Bf3 e5 22. fxe5 fxe4 23. Bxe4 Qxe5 24. Rg4 Qxb2 25. h4 Qa1+ 26.
Kh2 Qe5+ 27. Kg1 Bxe4 28. dxe4 Nf5 29. Rh5 Nd4 30. Rxe5 Nxe2+ 31. Kg2 Rxe5
32. a4 b6 33. a5 Rf7 34. a6 Kg7 35. h5 Rxh5 36. e5 dxe5 37. Bh6+ Rxh6 38.
Rh4 Nf4+ 39. Kg3 Rxh4 40. Kxh4 Rd7 41. Kg5 Rd3 42. Kg4 h5+ 43. Kg5 Rg3+ 44.
Kh4 Rg4+ 0-1

[Event "6th EICC"]
[Site "Warsaw POL"]
[Date "2005.06.22"]
[Round "5"]
[White "Balogh,C"]
[Black "Riazantsev,A"]
[Result "1/2-1/2"]
[WhiteElo "2531"]
[BlackElo "2608"]
[EventDate "2005.06.18"]

1. e4 c6 2. d4 d5 3. Nc3 dxe4 4. Nxe4 Bf5 5. Ng3 Bg6 6. h4 h6 7. Nf3 Nd7 8.
h5 Bh7 9. Bd3 Bxd3 10. Qxd3 e6 11. Bd2 Ngf6 12. O-O-O Be7 13. Ne4 Nxe4 14.
Qxe4 Nf6 15. Qe2 Qd5 16. c4 Qe4 17. Qxe4 Nxe4 18. Be3 O-O 19. Ne5 Rfd8 20.
Kc2 Rac8 21. g4 Bf6 22. f3 Nd6 23. b3 b5 24. c5 Ne8 25. Rhe1 Rd5 26. Bf2
Bxe5 27. dxe5 Nc7 28. Rxd5 Nxd5 29. Re4 g6 30. Be3 Kh7 31. Bd2 Rg8 32.
hxg6+ fxg6 33. f4 h5 34. g5 Kg7 35. Kd1 Rh8 36. Ke2 h4 37. Kf2 h3 38. Re1
Ne7 39. Ba5 Nd5 40. Bd2 Ne7 41. Ba5 h2 42. Kg2 Nf5 43. Rh1 Ne3+ 44. Kg3
Nf5+ 45. Kg2 Ne3+ 46. Kg3 Kf7 47. Be1 Nf5+ 48. Kg2 Ne3+ 49. Kg3 Ke7 50. Bf2
Nd5 51. a3 Kf7 52. Be1 Ne3 53. Bf2 Nd5 54. Be1 Ne3 55. Bf2 Nf1+ 56. Kg2 Nd2
57. b4 Nc4 58. Bg3 Nxa3 59. Bxh2 Nc2 60. Rb1 Ne3+ 61. Kf3 Rh3+ 62. Bg3 Nf5
63. Rg1 Ke7 64. Kg4 Rh8 1/2-1/2

[Event "6th EICC"]
[Site "Warsaw POL"]
[Date "2005.06.22"]
[Round "5"]
[White "Kozul,Z"]
[Black "Mchedlishvili,M"]
[Result "1-0"]
[WhiteElo "2591"]
[BlackElo "2518"]
[EventDate "2005.06.18"]

1. Nf3 Nf6 2. g3 d5 3. Bg2 c6 4. O-O Bg4 5. d3 Nbd7 6. Nbd2 e5 7. e4 dxe4
8. dxe4 Qc7 9. h3 Bh5 10. Qe1 Bxf3 11. Bxf3 Be7 12. a4 O-O 13. Nb3 Nc5 14.
Nxc5 Bxc5 15. b4 Be7 16. Bd2 c5 17. b5 a5 18. Bc3 b6 19. Qb1 Rfe8 20. Qb2
Bf8 21. Rfd1 c4 22. Rd2 Qc5 23. Kg2 h5 24. Rdd1 g6 25. Bd2 Qc7 26. c3 Kg7
27. Qc2 Rac8 28. Bc1 Be7 29. h4 Red8 30. Rxd8 Rxd8 1-0

[Event "6th EICC"]
[Site "Warsaw POL"]
[Date "2005.06.22"]
[Round "5"]
[White "Babula,V"]
[Black "Stevic,H"]
[Result "1/2-1/2"]
[WhiteElo "2584"]
[BlackElo "2514"]
[EventDate "2005.06.18"]

1. d4 d5 2. c4 dxc4 3. Nf3 Nf6 4. Nc3 a6 5. e4 b5 6. e5 Nd5 7. a4 e6 8.
axb5 Nb6 9. Be3 axb5 10. Rxa8 Nxa8 11. Nxb5 Nb6 12. Nd2 Ba6 13. Nc3 Nc6 14.
Qg4 Nb4 15. Be2 Nc2+ 16. Kd1 h5 17. Qe4 Nb4 18. Bf3 N6d5 19. Ke2 Bb7 20.
Qb1 Be7 21. Rc1 Qa8 22. Nxc4 Qa6 23. b3 Nxc3+ 24. Rxc3 Bxf3+ 25. Kxf3 O-O
26. Ke2 Nd5 27. Rc1 Rb8 28. Bd2 Bb4 29. Qa1 Qb7 30. g3 Bxd2 31. Nxd2 Qb5+
32. Kd1 Qd3 33. Ke1 Rb4 34. Rc4 Rxb3 35. Nxb3 Qxc4 36. Nc5 Nb4 37. Kd2 g6
38. Qc3 Qa2+ 39. Ke1 Nd5 40. Qd3 Qa5+ 41. Ke2 Nc3+ 42. Kd2 Nd5+ 43. Ke2 Kg7
44. h4 Ne7 45. Nb3 Qa2+ 46. Kf1 Nf5 47. d5 exd5 48. Qxd5 Qb1+ 1/2-1/2

[Event "6th EICC"]
[Site "Warsaw POL"]
[Date "2005.06.22"]
[Round "5"]
[White "Kobalia,M"]
[Black "Ibrahimov,R"]
[Result "1-0"]
[WhiteElo "2644"]
[BlackElo "2511"]
[EventDate "2005.06.18"]

1. e4 c5 2. Nf3 d6 3. d4 cxd4 4. Nxd4 Nf6 5. Nc3 a6 6. Be3 e5 7. Nb3 Be6 8.
Qd2 Be7 9. f4 g6 10. O-O-O Nbd7 11. h3 b5 12. g4 b4 13. Nd5 Nxe4 14. Qxb4
Bxd5 15. Rxd5 Ng3 16. Rg1 Nxf1 17. Rxf1 O-O 18. fxe5 Nxe5 19. Bh6 Bg5+ 20.
Bxg5 Qxg5+ 21. Nd2 Rad8 22. Kb1 Qe3 23. h4 f5 24. gxf5 Rxf5 25. Rd1 Rf4 26.
Qa5 Nf7 27. h5 Qe2 28. Rc1 Re8 29. b3 Re5 30. hxg6 hxg6 31. Nc4 Rxd5 32.
Qxd5 Qe4 33. Qa5 Qb7 34. Nxd6 Nxd6 35. Qd8+ Kg7 36. Qxd6 Rf6 37. Qd4 Qb6
38. Qg4 Qe6 39. Qh4 Qe2 40. Qh3 Rf5 41. Rg1 Qf3 42. Qh4 Qf2 43. Qe7+ Kh6
44. Rd1 g5 45. Rh1+ Kg6 46. Qe8+ 1-0

[Event "6th EICC"]
[Site "Warsaw POL"]
[Date "2005.06.22"]
[Round "5"]
[White "Graf,A"]
[Black "Kovacevic,B"]
[Result "1-0"]
[WhiteElo "2632"]
[BlackElo "2510"]
[EventDate "2005.06.18"]

1. d4 e6 2. c4 Bb4+ 3. Bd2 Bxd2+ 4. Qxd2 Nf6 5. Nc3 d5 6. e3 O-O 7. Nf3 Qe7
8. Rc1 Rd8 9. cxd5 exd5 10. Bd3 Nc6 11. O-O Bg4 12. Be2 Ne4 13. Qd1 Rd6 14.
Nd2 Bxe2 15. Qxe2 Nxd2 16. Qxd2 a6 17. Na4 Nd8 18. Nc5 c6 19. b4 Ne6 20. a4
Nxc5 21. Rxc5 Re8 22. Rfc1 Qd7 23. b5 axb5 24. axb5 Rg6 25. bxc6 bxc6 26.
Qc2 Ree6 27. Ra1 h6 28. Ra8+ Re8 29. Rca5 Rxa8 30. Rxa8+ Kh7 31. Qb1 h5 32.
h4 Qg4 33. g3 Qe6 34. Kg2 f5 35. Qb8 Rf6 36. Kg1 Rf7 37. Qg8+ Kg6 38. Ra7
Re7 39. Qxe6+ Rxe6 40. Kf1 Kf6 41. Rc7 g5 42. hxg5+ Kxg5 43. Rg7+ Kh6 44.
Rg8 Rf6 45. Ke2 Kh7 46. Re8 h4 47. gxh4 f4 48. e4 dxe4 49. Rxe4 Rf5 50. Re5
Rf6 51. Kf3 Kg6 52. Ke4 Rd6 53. f3 Kh6 54. Rf5 Kg6 55. Rxf4 Re6+ 56. Kd3
Kh5 57. Re4 Rg6 58. Re1 Rd6 59. Kc4 Kxh4 60. Rg1 Kh5 61. Rg8 Rd5 62. Re8
Rd6 63. Rg8 Rd5 64. f4 Kh6 65. Re8 Rf5 66. Rg8 Kh7 67. Rg4 Kh6 68. Rg1 Rxf4
69. Kc5 Re4 70. Rg8 Kh7 71. Rd8 Kg7 72. Kxc6 Kf7 73. d5 Ke7 74. Rd7+ Ke8
75. Ra7 Rc4+ 76. Kd6 Rb4 77. Ra8+ Kf7 78. Kc7 Rc4+ 79. Kd7 Rd4 80. d6 Rd1
81. Ra2 Rf1 82. Kd8 Re1 83. d7 Rf1 84. Rc2 Ra1 85. Kc7 Ra7+ 86. Kd6 Ra6+
87. Rc6 1-0

[Event "6th EICC"]
[Site "Warsaw POL"]
[Date "2005.06.22"]
[Round "5"]
[White "Andreikin,D"]
[Black "Inarkiev,E"]
[Result "1-0"]
[WhiteElo "2495"]
[BlackElo "2612"]
[EventDate "2005.06.18"]

1. d4 Nf6 2. Nf3 g6 3. Bf4 Bg7 4. c3 b6 5. e3 Bb7 6. h3 O-O 7. Bh2 d6 8. a4
a6 9. Be2 Nbd7 10. O-O e6 11. Nbd2 Qe7 12. Qc2 e5 13. dxe5 dxe5 14. Nc4 Nd5
15. Rfd1 Rad8 16. Rd2 h6 17. Rad1 Qe6 18. e4 Nf4 19. Bf1 f5 20. exf5 gxf5
21. Bxf4 Bxf3 22. gxf3 exf4 23. Rd5 Kh8 24. Kh1 b5 25. axb5 axb5 26. Na5
Be5 27. Bxb5 Rg8 28. Qe2 Qg6 29. Qf1 Bd6 30. Nb7 Nf6 31. Rxd6 Rb8 32. Rc6
Rxb7 33. Bc4 Qh5 34. Rxf6 Qxf3+ 35. Kh2 Rg3 36. Rd8+ Kg7 37. Rf7+ Kg6 38.
Rg8+ 1-0

[Event "6th EICC"]
[Site "Warsaw POL"]
[Date "2005.06.22"]
[Round "5"]
[White "Lopez Martinez,J"]
[Black "Korneev,O"]
[Result "1-0"]
[WhiteElo "2488"]
[BlackElo "2611"]
[EventDate "2005.06.18"]

1. e4 c5 2. Nf3 e6 3. d4 cxd4 4. Nxd4 a6 5. Bd3 Bc5 6. Nb3 Ba7 7. Qg4 Nf6
8. Qg3 d6 9. Nc3 Nc6 10. O-O Ne5 11. Kh1 h5 12. Be2 b5 13. f4 h4 14. Qe1
Nc4 15. Bf3 Bb7 16. Qe2 Rc8 17. a3 Kf8 18. Qd3 Nh5 19. Ne2 e5 20. f5 Qf6
21. Bxh5 Rxh5 22. Nc3 h3 23. g4 Rh4 24. Nd5 Qd8 25. f6 Bxd5 26. exd5 gxf6
27. Qf3 Rh8 28. g5 Rg8 29. Qxh3 fxg5 30. Rf5 Qd7 31. Qh6+ Ke8 32. Rxg5 Ke7
33. Qh4 Kf8 34. Qh7 Ke7 35. Rxg8 Rxg8 36. Qxg8 Qf5 37. Qg5+ Qxg5 38. Bxg5+
f6 39. Bh4 Ne3 40. Bf2 f5 1-0

[Event "6th EICC"]
[Site "Warsaw POL"]
[Date "2005.06.22"]
[Round "5"]
[White "Iljin,A"]
[Black "Dautov,R"]
[Result "1/2-1/2"]
[WhiteElo "2484"]
[BlackElo "2609"]
[EventDate "2005.06.18"]

1. d4 Nf6 2. Nf3 d5 3. c4 c6 4. e3 a6 5. Qc2 Bg4 6. Ne5 Bh5 7. Qb3 Qc7 8.
Nc3 e6 9. Bd2 Nbd7 10. Nxd7 Qxd7 11. c5 Qc7 12. f4 Be7 13. Bd3 Bg6 14. Qc2
Bxd3 15. Qxd3 b6 16. b4 a5 17. Na4 bxc5 18. bxc5 O-O 19. O-O Ne4 20. Nc3
Nxc3 21. Bxc3 Rfb8 22. Rab1 Bd8 23. Rxb8 Rxb8 24. Rb1 1/2-1/2

[Event "6th EICC"]
[Site "Warsaw POL"]
[Date "2005.06.22"]
[Round "5"]
[White "Izoria,Z"]
[Black "Galego,L"]
[Result "1-0"]
[WhiteElo "2602"]
[BlackElo "2493"]
[EventDate "2005.06.18"]

1. d4 Nf6 2. c4 e6 3. Nf3 Bb4+ 4. Nbd2 d5 5. Qa4+ Nc6 6. e3 O-O 7. a3 Bxd2+
8. Bxd2 Ne4 9. Rd1 Nxd2 10. Rxd2 Ne7 11. Bd3 dxc4 12. Qxc4 a5 13. O-O Nd5
14. Rc1 c6 15. Qc2 g6 16. g3 Qe7 17. Bf1 Bd7 18. Bg2 Rfc8 19. Ne5 Be8 20.
e4 Nb6 21. Qb3 Qd8 22. Rcc2 Rab8 23. Qc3 Ra8 24. Qb3 Rab8 25. h4 Qc7 26.
Qc3 Nd7 27. Nc4 Ra8 28. e5 Nb6 29. Nd6 Rd8 30. Qb3 a4 31. Qb4 f5 32. Rd3
Rd7 33. Rc5 Bf7 34. Rdc3 Nd5 35. Bxd5 exd5 36. Rb5 Ra7 37. Qc5 1-0

[Event "6th EICC"]
[Site "Warsaw POL"]
[Date "2005.06.22"]
[Round "5"]
[White "Cvitan,O"]
[Black "Petrosian,TL"]
[Result "1/2-1/2"]
[WhiteElo "2481"]
[BlackElo "2599"]
[EventDate "2005.06.18"]

1. d4 d5 2. c4 e6 3. Nc3 c5 4. cxd5 exd5 5. Nf3 Nc6 6. g3 Nf6 7. Bg2 Be7 8.
O-O O-O 9. dxc5 Bxc5 10. Bg5 d4 11. Bxf6 Qxf6 12. Ne4 Qe7 13. Nxc5 Qxc5 14.
Rc1 Qb6 15. Qc2 h6 16. a3 a5 17. Rfd1 Re8 18. Rd2 Ra6 19. Qd1 Bf5 20. h4
Rd8 21. Qa4 Be6 22. Qc2 Rd5 23. Ne1 Rb5 24. Be4 Ra8 25. Bxc6 bxc6 26. Qxc6
Qxc6 27. Rxc6 Rab8 28. Nd3 Bf5 29. Rd6 Bxd3 30. exd3 Rxb2 31. Rxb2 Rxb2 32.
Rxd4 Rb3 33. Ra4 Rxd3 34. Rxa5 h5 35. a4 Ra3 36. Ra7 g6 37. a5 Kg7 38. a6
Kf6 39. Kg2 Ra2 40. Kf1 Ke6 41. f3 Kf6 1/2-1/2

[Event "6th EICC"]
[Site "Warsaw POL"]
[Date "2005.06.22"]
[Round "5"]
[White "Guliev,S"]
[Black "Pavasovic,D"]
[Result "0-1"]
[WhiteElo "2481"]
[BlackElo "2593"]
[EventDate "2005.06.18"]

1. d4 d5 2. c4 e6 3. Nf3 Nf6 4. Nc3 c6 5. Bg5 h6 6. Bxf6 Qxf6 7. e3 Nd7 8.
Bd3 dxc4 9. Bxc4 g6 10. O-O Qe7 11. Rc1 Bg7 12. Qc2 O-O 13. a3 b6 14. Rfe1
Bb7 15. e4 Rfd8 16. Ba2 Rac8 17. Rcd1 c5 18. d5 Ne5 19. Nxe5 Bxe5 20. dxe6
fxe6 21. Qe2 Rf8 22. Qg4 Rf6 23. f4 h5 24. Qh3 Bxf4 25. e5 Rf5 26. Bb1 Rg5
27. Ne4 Rxe5 28. Nf2 Qf6 29. Nd3 Rxe1+ 30. Rxe1 Rf8 31. Nxf4 Qd4+ 32. Kh1
Qxf4 33. Qxe6+ Kh8 34. Rg1 Qf6 35. Qe3 Kg7 36. Ba2 Bc6 37. h3 Re8 38. Qd3
Qxb2 39. Bb1 Qf6 40. Rf1 Be4 41. Qa6 Qd6 42. Bxe4 Rxe4 43. Qxa7+ Re7 44.
Qa4 Rd7 45. Qc4 Re7 46. Qb3 Re6 47. Rd1 Qe7 48. Qc3+ Kh7 49. a4 Re3 50. Qd2
c4 51. Qd7 c3 52. Qxe7+ Rxe7 53. Rc1 Rc7 54. Kg1 h4 55. Kf2 Kh6 0-1

[Event "6th EICC"]
[Site "Warsaw POL"]
[Date "2005.06.22"]
[Round "5"]
[White "Brkic,A"]
[Black "Markus,R"]
[Result "1-0"]
[WhiteElo "2477"]
[BlackElo "2584"]
[EventDate "2005.06.18"]

1. e4 c5 2. Nf3 e6 3. d4 cxd4 4. Nxd4 a6 5. Nc3 b5 6. Bd3 d6 7. O-O Nf6 8.
a3 Bb7 9. Qe2 Nbd7 10. f4 Be7 11. Kh1 O-O 12. Bd2 Rc8 13. Rae1 Nb6 14. e5
dxe5 15. fxe5 Nfd5 16. Qg4 Nxc3 17. Bh6 g6 18. bxc3 Qd7 19. h4 f5 20. exf6
Rxf6 21. Rxf6 Bxf6 22. h5 Kh8 23. hxg6 Bd5 24. Nxe6 Bxe6 25. Qxe6 Qxe6 26.
Rxe6 Nd5 27. Be4 1-0

[Event "6th EICC"]
[Site "Warsaw POL"]
[Date "2005.06.22"]
[Round "5"]
[White "Bocharov,D"]
[Black "Maze,S"]
[Result "0-1"]
[WhiteElo "2574"]
[BlackElo "2470"]
[EventDate "2005.06.18"]

1. d4 d5 2. c4 dxc4 3. Nf3 e6 4. e4 b5 5. a4 c6 6. axb5 cxb5 7. b3 Bb7 8.
Nbd2 Bb4 9. bxc4 Nf6 10. e5 Bxf3 11. Qxf3 Qxd4 12. Rb1 Bxd2+ 13. Bxd2 Ne4
14. Rd1 Nc6 15. Bf4 Qc3+ 16. Qxc3 Nxc3 17. Rd6 Rd8 18. cxb5 Nd4 19. Rxd8+
Kxd8 20. Bd3 Ncxb5 21. Kd2 Kc7 22. Rb1 a6 23. Rb4 Rd8 24. Ke3 Nc6 25. Rc4
Kb6 26. Ke4 Kb7 27. Be2 Ncd4 28. Ke3 Nc6 29. Rc2 Ra8 30. g4 g5 31. Bg3 0-1

[Event "6th EICC"]
[Site "Warsaw POL"]
[Date "2005.06.22"]
[Round "5"]
[White "Popov,Val"]
[Black "Kristjansson,St"]
[Result "1-0"]
[WhiteElo "2568"]
[BlackElo "2461"]
[EventDate "2005.06.18"]

1. d4 Nf6 2. c4 g6 3. f3 e5 4. Bg5 h6 5. Bh4 exd4 6. Qxd4 g5 7. Bf2 Nc6 8.
Qd2 d5 9. cxd5 Nxd5 10. e4 Bb4 11. Nc3 Nxc3 12. bxc3 Ba5 13. Bb5 O-O 14.
Ne2 Ne5 15. Nd4 f5 16. O-O-O Qe7 17. exf5 c6 18. Nb3 Bb6 19. Bxb6 axb6 20.
Rhe1 Bxf5 21. Bf1 Rfd8 22. Nd4 Qc5 23. Qb2 Bg6 24. Nb3 Rxd1+ 25. Rxd1 Qf8
26. Rd4 c5 27. Rd5 Qf4+ 28. Qd2 Qf5 29. Kd1 Bf7 30. Rd8+ Rxd8 31. Qxd8+ Kg7
32. Nd2 Qe6 33. Qc7 Ng6 34. Bc4 Qe7 35. Qxb6 Bxc4 36. Nxc4 Nf4 37. Kc2 Nd5
38. Qb2 b5 39. Qxb5 Qe2+ 40. Kb3 Qd3 41. Qd7+ Kf8 42. Qf7+ Kxf7 43. Ne5+
Ke6 44. Nxd3 Kd6 45. Nb2 Kc6 46. Nc4 Nf4 47. g3 Nd3 48. a4 h5 49. Nd2 Ne5
50. f4 gxf4 51. gxf4 Nd3 52. f5 Kd5 53. a5 Ne5 54. c4+ Kc6 55. Ne4 h4 56.
f6 Nf7 57. h3 Ne5 58. a6 Kb6 59. Nxc5 1-0

[Event "6th EICC"]
[Site "Warsaw POL"]
[Date "2005.06.22"]
[Round "5"]
[White "Khmelniker,I"]
[Black "Nevednichy,V"]
[Result "1/2-1/2"]
[WhiteElo "2458"]
[BlackElo "2566"]
[EventDate "2005.06.18"]

1. d4 d6 2. c4 e5 3. d5 g6 4. e4 Nd7 5. Nc3 Bg7 6. Nf3 Ne7 7. Be2 O-O 8. h4
Nf6 9. Ng5 h6 10. Nh3 Nh7 11. Be3 f5 12. f3 f4 13. Bf2 Nf6 14. Bd3 c5 15.
Qd2 Bd7 16. O-O-O Nh5 17. Ng1 a6 18. Kb1 Qe8 19. Nge2 b5 20. Rdg1 Kh7 21.
Nc1 Rb8 22. Nb3 Qd8 23. Ne2 Qb6 24. Qa5 Rfc8 25. Rc1 Qxa5 26. Nxa5 Bf6 27.
Ka1 b4 28. a3 Ng8 29. axb4 Rxb4 30. Rc3 Rcb8 31. Rb1 Ne7 32. Ra3 R4b6 33.
Be1 Kg7 34. b4 cxb4 35. Rab3 Nc8 36. Bf2 1/2-1/2

[Event "6th EICC"]
[Site "Warsaw POL"]
[Date "2005.06.22"]
[Round "5"]
[White "Romanishin,O"]
[Black "Neubauer,M"]
[Result "1/2-1/2"]
[WhiteElo "2559"]
[BlackElo "2457"]
[EventDate "2005.06.18"]

1. d4 Nf6 2. Nf3 g6 3. g3 Bg7 4. Bg2 O-O 5. O-O d5 6. c4 dxc4 7. Ne5 Nc6 8.
Nxc6 bxc6 9. Nc3 Rb8 10. e3 Nd5 11. Qa4 Nb4 12. a3 Nd3 13. Qxc4 Nxc1 14.
Raxc1 Rxb2 15. Na4 Rb8 16. Nc5 e5 17. dxe5 Bxe5 18. Bxc6 Qe7 19. a4 Rd8 20.
Bg2 h5 21. a5 Bf5 22. a6 Rb6 23. Rfd1 Bb2 24. Rxd8+ Qxd8 25. Rf1 Ba3 26. e4
Bc8 27. Nb7 Qe7 28. h4 Bxb7 29. axb7 Rxb7 30. e5 Rb4 31. Qd3 Rb2 32. e6 Bd6
1/2-1/2

[Event "6th EICC"]
[Site "Warsaw POL"]
[Date "2005.06.22"]
[Round "5"]
[White "Postny,E"]
[Black "Abergel,T"]
[Result "1-0"]
[WhiteElo "2556"]
[BlackElo "2456"]
[EventDate "2005.06.18"]

1. d4 Nf6 2. Nf3 c5 3. d5 b5 4. Bg5 Ne4 5. Bf4 Bb7 6. a4 Qb6 7. axb5 Qxb5
8. Nbd2 Nxd2 9. Nxd2 d6 10. e4 Qd7 11. Nc4 g6 12. e5 Bg7 13. exd6 O-O 14.
Be2 exd6 15. O-O Ba6 16. Nxd6 Bxe2 17. Qxe2 Bxb2 18. Rab1 Bg7 19. Rb7 Qa4
20. Be5 Qh4 21. Bxg7 Kxg7 22. Qe5+ Kg8 23. Ne8 1-0

[Event "6th EICC"]
[Site "Warsaw POL"]
[Date "2005.06.22"]
[Round "5"]
[White "Nijboer,F"]
[Black "Romanov,E"]
[Result "1/2-1/2"]
[WhiteElo "2553"]
[BlackElo "2437"]
[EventDate "2005.06.18"]

1. e4 e5 2. Nf3 Nc6 3. Bb5 a6 4. Ba4 Nf6 5. O-O Be7 6. Re1 b5 7. Bb3 d6 8.
c3 O-O 9. h3 Nd7 10. d4 Bb7 11. Nbd2 Bf6 12. Nf1 Re8 13. N1h2 exd4 14. cxd4
Na5 15. Bc2 c5 16. Qd3 Bxd4 17. Nxd4 cxd4 18. Bf4 Nc6 19. e5 Nf8 20. exd6
Nb4 21. Qd2 Nxc2 22. Qxc2 Rxe1+ 23. Rxe1 Ne6 24. Bg3 Qa5 25. f4 Rc8 26. Qe2
b4 27. Nf3 Qd5 28. Qe5 d3 29. Qxd5 Bxd5 30. Rd1 Be4 31. Nd2 f5 32. Bh4 g5
33. Nxe4 gxh4 34. Nf2 Nxf4 35. Nxd3 Nxd3 36. Rxd3 Kf7 37. a3 bxa3 38. Rxa3
Rc1+ 39. Kf2 Rc2+ 40. Kf3 Rxb2 41. Ra4 Rd2 42. Rxa6 Ke6 43. Ra4 Rd3+ 44.
Kf2 Rxd6 45. Rxh4 Rd7 46. Rh6+ Ke5 47. Kf3 Ra7 48. h4 Ra3+ 49. Kf2 Ra7 50.
Kg3 Ra3+ 51. Kh2 Ra7 52. Kg3 1/2-1/2

[Event "6th EICC"]
[Site "Warsaw POL"]
[Date "2005.06.22"]
[Round "5"]
[White "Nyback,T"]
[Black "Kuljasevic,D"]
[Result "1-0"]
[WhiteElo "2551"]
[BlackElo "2408"]
[EventDate "2005.06.18"]

1. d4 d5 2. c4 c6 3. Nf3 Nf6 4. Nc3 dxc4 5. a4 Bf5 6. Ne5 Nbd7 7. Nxc4 Qc7
8. g3 e5 9. dxe5 Nxe5 10. Bf4 Nfd7 11. Bg2 f6 12. O-O Nc5 13. Ne3 Bg6 14.
b4 Ne6 15. b5 Rd8 16. Qc1 Bc5 17. bxc6 bxc6 18. Bxe5 fxe5 19. Ne4 Be7 20.
Nc4 Nd4 21. Qb2 O-O 22. Qa2 Kh8 23. Kh1 Bh5 24. e3 Nf3 25. Qe2 Bb4 26. h3
Qe7 27. Rad1 Rd5 28. Rc1 Qe6 29. Qb2 a5 30. Nb6 Qf5 31. Nxd5 cxd5 32. Nc3
d4 33. exd4 exd4 34. Ne2 Qe5 35. Ng1 Ne1 36. g4 Nd3 37. Qc2 Bg6 38. f4 Nxf4
39. Qf2 Ne6 40. Qe2 Qd6 41. Rc6 1-0

[Event "6th EICC"]
[Site "Warsaw POL"]
[Date "2005.06.22"]
[Round "5"]
[White "Wells,P"]
[Black "Perunovic,Mil"]
[Result "1-0"]
[WhiteElo "2525"]
[BlackElo "2549"]
[EventDate "2005.06.18"]

1. d4 Nf6 2. c4 e6 3. Nc3 Bb4 4. Nf3 c5 5. g3 Nc6 6. Bg2 Ne4 7. Bd2 Nxd2 8.
Qxd2 cxd4 9. Nxd4 Ne5 10. Nc2 Be7 11. b3 f5 12. O-O O-O 13. f4 Nc6 14. Rad1
Qa5 15. e3 Bf6 16. Nd4 Nxd4 17. exd4 Rb8 18. Nd5 Qxd2 19. Nxf6+ gxf6 20.
Rxd2 d6 21. Rc1 Rd8 22. c5 Kf8 23. cxd6 Rxd6 24. Rc7 Bd7 25. Bxb7 Ke8 26.
Bf3 a5 27. Ra7 a4 28. bxa4 Rb4 29. d5 e5 30. Bd1 exf4 31. gxf4 Rxf4 32. a5
Re4 33. a6 Bb5 34. Bf3 Re3 35. Kf2 Ra3 36. Rxh7 Rdxa6 37. d6 Rxa2 38. d7+
Bxd7 39. Rhxd7 Rxd2+ 40. Rxd2 Kf7 41. h4 Kg6 42. Rd7 Rb6 43. Kg3 Ra6 44.
h5+ Kh6 45. Kf4 Ra4+ 46. Kxf5 Ra5+ 47. Kf4 Ra4+ 48. Be4 f5 49. Kxf5 Ra1 50.
Kf4 Rf1+ 51. Bf3 1-0

[Event "6th EICC"]
[Site "Warsaw POL"]
[Date "2005.06.22"]
[Round "5"]
[White "Prusikin,M"]
[Black "Guseinov,El"]
[Result "1/2-1/2"]
[WhiteElo "2540"]
[BlackElo "2391"]
[EventDate "2005.06.18"]

1. d4 d5 2. c4 e6 3. Nc3 c6 4. e3 Bd6 5. Bd3 f5 6. Nge2 Nf6 7. Qc2 O-O 8.
f3 Kh8 9. Bd2 dxc4 10. Bxc4 e5 11. O-O Qe8 12. Rae1 e4 13. fxe4 fxe4 14.
Ng3 Bxg3 15. hxg3 Nbd7 16. Bb3 Qg6 17. Rf4 Re8 18. Ref1 b6 19. Bc4 Bb7 20.
Be1 b5 21. Be2 a6 22. g4 c5 23. dxc5 Nxc5 24. g5 Nfd7 25. Bg4 Ne5 26. Bf5
Qxg5 27. Nxe4 Nxe4 28. Bxe4 Bxe4 29. Qxe4 Ng6 30. Qf5 Qe7 31. R4f3 Ne5 32.
Rh3 h6 33. Bc3 Qe6 34. Qe4 Kg8 35. Rg3 Ra7 36. Kh1 Rd7 37. b3 Qc6 38. Qxc6
Nxc6 39. Rf6 Rxe3 40. Rxe3 gxf6 41. Re6 Ne7 42. Bxf6 Nd5 43. Rxa6 Nxf6 44.
Rxf6 Kg7 45. Ra6 Rd5 46. Kh2 b4 47. Kg3 Rd4 48. Kf3 h5 49. g3 Kh7 50. Kg2
Kg7 51. Kh3 Kh7 52. Ra4 Rg4 53. Ra6 Rd4 54. Rc6 Rd2 55. Rc4 Rxa2 56. Rxb4
Kg6 57. Rb8 Rb2 58. b4 Kh6 59. b5 Kg6 60. b6 Kh6 61. b7 Kg7 62. Kh4 Rb5
1/2-1/2

[Event "6th EICC"]
[Site "Warsaw POL"]
[Date "2005.06.22"]
[Round "5"]
[White "Berescu,A"]
[Black "Halkias,S"]
[Result "1/2-1/2"]
[WhiteElo "2439"]
[BlackElo "2549"]
[EventDate "2005.06.18"]

1. e4 c5 2. Nf3 e6 3. d4 cxd4 4. Nxd4 Nf6 5. Nc3 Nc6 6. Ndb5 d6 7. Bf4 e5
8. Bg5 a6 9. Na3 b5 10. Nd5 Be7 11. Bxf6 Bxf6 12. c3 Ne7 13. Nxf6+ gxf6 14.
Bd3 Bb7 15. Qe2 Rg8 16. f3 Qb6 17. Nc2 d5 18. O-O-O h5 19. Ne3 O-O-O 20.
exd5 Nxd5 21. Nxd5 Bxd5 22. Bf5+ Kb8 23. Kb1 Be6 24. Bxe6 fxe6 25. Rxd8+
Rxd8 26. Rd1 Rd5 27. Kc2 Qa5 28. Rxd5 exd5 29. Qe3 b4 30. Qh6 Qa4+ 31. Kc1
bxc3 32. Qf8+ Kc7 33. bxc3 Qxa2 34. Qe7+ Kc6 35. Qxf6+ Kc5 36. Qxe5 Qxg2
37. Qc7+ Kb5 38. Qb7+ Kc5 39. Qc7+ Kb5 40. Qb7+ 1/2-1/2

[Event "6th EICC"]
[Site "Warsaw POL"]
[Date "2005.06.22"]
[Round "5"]
[White "Bakalarz,M"]
[Black "Dizdar,G"]
[Result "0-1"]
[WhiteElo "2408"]
[BlackElo "2524"]
[EventDate "2005.06.18"]

1. d4 d5 2. Nf3 Nf6 3. c4 e6 4. Nc3 Bb4 5. e3 O-O 6. Bd3 c5 7. O-O Nc6 8.
a3 Bxc3 9. bxc3 dxc4 10. Bxc4 Qc7 11. Qe2 e5 12. dxe5 Nxe5 13. Nxe5 Qxe5
14. f3 Re8 15. Bd2 Bd7 16. e4 Rad8 17. Rab1 b6 18. Qe3 Ba4 19. Rb2 Nd7 20.
Bd5 Nf6 21. Bc4 h6 22. Qf4 Qxf4 23. Bxf4 g5 24. Bc1 Kg7 25. Be3 Rd7 26. h4
Nxe4 27. fxe4 Rxe4 28. hxg5 Rxe3 29. gxh6+ Kxh6 30. Bxf7 Rxc3 31. Rbf2 Rd1
32. Rf6+ Kg7 33. Rg6+ Kh7 34. Rxd1 Bxd1 35. Rd6 Bg4 36. a4 Kg7 37. Be8 Bf5
38. Bd7 Rd3 39. Rxd3 Bxd3 40. Kf2 Kf6 41. Ke3 Bf1 42. g4 Ke5 43. g5 Bg2 44.
g6 Kf6 45. Be8 Bh3 46. Kf4 Be6 47. Bb5 Kxg6 48. Ke5 Kf7 49. Kd6 c4 50. a5
c3 51. axb6 axb6 52. Bd3 Kf6 53. Bc2 Bf5 54. Bd1 Be4 55. Kc7 b5 56. Kb6 Bd3
57. Kc5 Ke5 58. Bb3 Ke4 59. Kb4 Kd4 60. Bd1 Bc4 61. Bc2 Bf1 62. Bd1 Be2 63.
Bc2 Bc4 64. Ka3 Ke3 0-1

[Event "6th EICC"]
[Site "Warsaw POL"]
[Date "2005.06.22"]
[Round "5"]
[White "Bagheri,A"]
[Black "Gaprindashvili,V"]
[Result "0-1"]
[WhiteElo "2518"]
[BlackElo "2415"]
[EventDate "2005.06.18"]

1. d4 e6 2. Nf3 Nf6 3. Bg5 h6 4. Bh4 d6 5. Nbd2 g5 6. Bg3 Nh5 7. e3 Nxg3 8.
hxg3 Bg7 9. Bd3 Qe7 10. c3 Nd7 11. a4 Nf6 12. a5 Bd7 13. b4 a6 14. Qb3 Ng4
15. e4 e5 16. d5 c6 17. c4 f5 18. O-O f4 19. Rae1 Bf6 20. Re2 h5 21. gxf4
gxf4 22. Kh1 h4 23. Rc1 h3 24. g3 Nxf2+ 25. Rxf2 fxg3 26. Re2 Bg5 27. Nxg5
Qxg5 28. Bb1 Qf4 29. Qf3 Bg4 30. Qxf4 exf4 31. Ree1 f3 32. Re3 g2+ 33. Kh2
f2 34. Rg3 Be2 0-1